| 000 | 00518nam a2200181Ia 4500 | ||
|---|---|---|---|
| 005 | 20231110111558.0 | ||
| 008 | 131103s9999 xx 000 0 und d | ||
| 040 | _aLoreto College | ||
| 041 | _aEnglish | ||
| 082 |
_a750 _bMAR |
||
| 245 |
_aMarg Continuity and Change _b |
||
| 250 |
_aEdited by Saryu doshi _bFestival of India in Gt.Brit.v.no.xxxv,no.4 |
||
| 260 |
_aBombay _bArmy & Navy Bldg. _c1989 |
||
| 300 |
_a113p _b illustrations |
||
| 650 | _aPaintings-Festival of India | ||
| 850 | _aLCLIB | ||
| 942 | _cBK | ||
| 999 |
_c35996 _d86475 |
||